000 00921nmm a2200277 a 4500
001 ocm000608641
003 TR-IsHL
005 20201028132211.0
008 131030s2009 tu tur
007 cr cn
020 _a9786055672324
035 _a608641
_b(N$T)
050 0 4 _aDS51.A2
_bH3 2009
090 0 4 _aDS51.A2
_bH3 2009
100 1 _aHacıoğulları, Abdullah
245 1 0 _aAdana'ya yön verenler
_h[electronic resource] /
_cAbdullah Hacıoğulları ; ed. Zeynep Yıldız
260 _aİstanbul :
_bAres Kitap,
_c2009
300 _a224 p.
650 4 _aGenel Çalışmalar
650 4 _aGeneral Works
650 0 _aİşadamları, Türk
_x Biyografi
650 0 _aBusinessmen, Turkey
_x Biography
650 7 _aBIOGRAPHY & AUTOBIOGRAPHY / Business
_2bisacsh
700 1 _aYıldız, Zeynep
856 4 0 _uhttp://search.ebscohost.com/login.aspx?direct=true&scope=site&db=e011xww&AN=608641
999 _c4965
_d4965